000 00764cam a22002653a 4500
001 32820
003 PGUSA
005 20140828083718.0
008 100615s2010||||xxu|||||s|||||000 1 eng d
040 _aPGUSA
_beng
042 _adc
050 4 _aPS
100 1 _aMarlowe, Stephen,
_d1928-2008
245 1 0 _aWorld Beyond Pluto
_h[electronic resource] /
_cStephen Marlowe
260 _bProject Gutenberg,
_c2010
506 _aPublic domain in the USA.
516 _aElectronic text
653 _aShort stories
653 _aMayhem, Johnny (Fictitious character) -- Fiction
653 _aScience fiction
700 1 _aNovick, Irving H.,
_d1916-2004
830 0 _aProject Gutenberg
_v32820
856 4 0 _uhttp://www.gutenberg.org/ebooks/32820
942 _cEB
999 _c262075
_d262075